Fabric Patterns - Statistics

General Stats
  • This quiz has been taken 48 times
  • The average score is 5 of 16
Answer Stats
Picture Answer % Correct
Plaid
78%
Gingham
59%
Houndstooth
51%
Pinstripe
51%
Tartan
46%
Chevron
43%
Paisley
38%
Herringbone
35%
Argyle
32%
Camouflage
32%
Seersucker
16%
Madras
14%
Chintz
8%
Brocade
3%
Calico
3%
Shibori
3%
No matching quizzes found
Score Distribution
Percent of People with Each Score
Percentile by Number Answered
Your Score History
You have not taken this quiz